000
00288 a2200145 4500
001
160420
020
_a
040
_c
Magnum
100
_a
Vovo Felicio
240
1
0
_a
15 Minutos de poder
_l
por
245
1
0
_a
15 Minutos de poder
362
0
_a
1899
697
_a
IJ/GERAL
942
_c
BK
999
_c
160420
_d
160420